| 000 | 01445cam a2200361 a 4500 | ||
|---|---|---|---|
| 001 | 6273720 | ||
| 003 | OSt | ||
| 005 | 20140310182839.0 | ||
| 008 | 070703s2007 ncu b 001 0 eng | ||
| 010 | _a 2007027682 | ||
| 020 | _a0586046690 | ||
| 035 | _a(OCoLC)226102658 | ||
| 040 |
_aDLC _cDLC _dDLC |
||
| 050 | 0 | 0 |
_aPR 6039 _b.N765 1977 |
| 082 | 0 | 0 |
_aM 823.912 _bN68 1977 |
| 099 | _aPR 6039 .O32Z8955 2007X ROBARTS | ||
| 245 | 1 | 4 |
_aThe mythology of Tolkien's Middle-earth _cNoel, Ruth S. |
| 260 |
_aNew York : _bGranada Publishing, _cc1977. |
||
| 300 |
_a188 p. _c17 cm. |
||
| 490 | 0 |
_aCritical explorations in science fiction and fantasy ; _v7 |
|
| 504 | _aIncludes bibliographical references and index. | ||
| 505 | 0 | _aInfluences in Tolkien's life -- Tolkien's mythology of creation -- Tolkien's mythology of divine beings -- The physical world of Middle-Earth and Ea -- Death and immortality among elves and men -- The last days of Middle-Earth -- The final victory. | |
| 521 | _aCollege Students | ||
| 526 | _c1210L-1700L | ||
| 541 | _j1 | ||
| 562 | _e1 | ||
| 600 | 1 | 0 |
_aTolkien, J. R. R. _q(John Ronald Reuel), _d1892-1973 _xCriticism and interpretation. |
| 600 | 1 | 0 |
_aTolkien, J. R. R. _q(John Ronald Reuel), _d1892-1973 _xKnowledge _xMythology. |
| 650 | 0 |
_aFantasy fiction, English _xHistory and criticism. |
|
| 650 | 0 | _aMiddle Earth (Imaginary place) | |
| 650 | 0 | _aMythology in literature. | |
| 942 |
_2lcc _cBK _kM |
||
| 999 |
_c16816 _d16816 |
||